| 000 | 01257nam a2200361 i 4500 | ||
|---|---|---|---|
| 001 | 57260 | ||
| 003 | CO-BoRNBP | ||
| 005 | 20250610142259.0 | ||
| 007 | ta | ||
| 008 | 200407s2003 ck a cr 000 f spa d | ||
| 020 | _a9580470782 | ||
| 040 |
_aCO-BoRNBP _bspa _erda _cCO-BoRNBP |
||
| 041 | 1 |
_aspa _heng |
|
| 043 |
_ae-uk-en _ae-uk-ni |
||
| 084 | _aN COO4 | ||
| 100 | 1 |
_aCooper, Patrick, _d1949- _eautor _960143 |
|
| 245 | 1 | 3 |
_aEl tesoro de los reyes de Irlanda _cPatrick Cooper ; traducción de Mercedes Guhl ; ilustraciones de Olga Cuéllar |
| 250 | _aPrimera edición | ||
| 264 | 1 |
_aBogotá, Colombia _bGrupo Editorial Norma _c2003 |
|
| 300 |
_a141 páginas _bilustraciones _c21 cm |
||
| 336 |
_atexto _btxt _2rdacontent |
||
| 337 |
_asin mediación _bn _2rdamedia |
||
| 338 |
_avolumen _bnc _2rdacarrier |
||
| 490 | 0 |
_aTorre de papel. _aAzul |
|
| 521 | 1 | _aRecomendado para un público mayor de 10 años. | |
| 650 | 0 | 0 |
_aNovela infantil irlandesa _ySiglo XX _2LEMB _960144 |
| 650 | 0 | 0 |
_aAutores ingleses _2LEMB |
| 650 | 0 | 0 |
_aTesoros ocultos en la literatura _2LEMB _960145 |
| 650 | 0 | 0 |
_aLiteratura infantil inglesa _ySiglo XX _2LEMB _9701 |
| 700 | 1 |
_aCuéllar Serrano, Olga _eilustradora |
|
| 700 | 1 |
_aGuhl, Mercedes _etraductora |
|
| 942 |
_2loc _cBKLITI |
||
| 999 |
_c57260 _d57260 |
||